[Event "Kimry-ch"]
[Site "Kimry"]
[Date "2008.01.07"]
[Round "7"]
[White "Rogov, Alexander"]
[Black "Bivol, Alina"]
[Result "0-1"]
[WhiteElo "1875"]
[BlackElo "1763"]
[PlyCount "94"]
[EventDate "2008.01.02"]
[EventType "swiss"]
[EventRounds "9"]
[EventCountry "RUS"]
[SourceTitle "CBM 122 Extra"]
[Source "ChessBase"]
[SourceDate "2008.03.04"]
[SourceVersion "1"]
[SourceVersionDate "2008.03.04"]
[SourceQuality "1"]

1. e4 e6 2. Nc3 d5 3. d4 Bb4 4. e5 c5 5. a3 Bxc3+ 6. bxc3 Qc7 7. Bb5+ Bd7 8. Be2 cxd4 9. Nf3 dxc3 10. 0-0 Ne7 11. Qd3 a6 12. Be3 Bb5 13. Qd1 Bxe2 14. Qxe2 Nf5 15. Bf4 Nd7 16. g4 Ne7 17. Rab1 Ng6 18. Bg3 Nc5 19. h4 Ne4 20. Bh2 h5 21. g5 Rc8 22. Rb4 Nd2 23. Nxd2 cxd2 24. Qxd2 a5 25. Rb5 Nxh4 26. Qxa5 Qxa5 27. Rxa5 Nf3+ 28. Kg2 Nxg5 29. Rc1 0-0 30. Bf4 Ne4 31. f3 Nc5 32. Bg5 Rc7 33. Rb5 Ra8 34. Be3 Nd7 35. Bd4 Rxa3 36. Bb2 Ra4 37. Kg3 h4+ 38. Kh3 Rac4 39. Re1 Rxc2 40. Kxh4 Nc5 41. Ba3 Nd3 42. Re3 Nf4 43. Kg3 Ne2+ 44. Kh3 R7c3 45. Rb3 Rxe3 46. Rxe3 Rc3 47. Rxc3 Nxc3 0-1

[Event "Kimry-ch"]
[Site "Kimry"]
[Date "2008.01.05"]
[Round "5"]
[White "Rogov, Alexander"]
[Black "Markov, Mikhail"]
[Result "1-0"]
[WhiteElo "1875"]
[BlackElo "2250"]
[PlyCount "113"]
[EventDate "2008.01.02"]
[EventType "swiss"]
[EventRounds "9"]
[EventCountry "RUS"]
[SourceTitle "CBM 122 Extra"]
[Source "ChessBase"]
[SourceDate "2008.03.04"]
[SourceVersion "1"]
[SourceVersionDate "2008.03.04"]
[SourceQuality "1"]

1. e4 e5 2. Nf3 Nc6 3. Bc4 Nf6 4. Nc3 Nxe4 5. Bxf7+ Kxf7 6. Nxe4 Be7 7. d4 d6 8. c3 Bf5 9. Qb3+ Be6 10. d5 Na5 11. dxe6+ Kf8 12. Qc2 h6 13. b4 Nc6 14. Ng3 Bf6 15. Qg6 Qe7 16. Qf5 a5 17. Nh4 Kg8 18. Ng6 Qd8 19. Nxh8 Kxh8 20. Bxh6 Qf8 21. Nh5 e4 22. Nxf6 Qxf6 23. Qxf6 gxf6 24. Bd2 axb4 25. cxb4 Nd4 26. Rc1 Nxe6 27. Bc3 Kg7 28. Rc2 d5 29. Bd2 c6 30. 0-0 Nd4 31. Rb2 Kf7 32. Be3 Nf5 33. Bc5 Rg8 34. b5 Nh4 35. g3 Nf3+ 36. Kg2 Rh8 37. h4 Rg8 38. Kh3 Rh8 39. bxc6 bxc6 40. Rb7+ Kg6 41. Be3 Rc8 42. g4 f5 43. h5+ Kf6 44. g5+ Ke6 45. g6 Kf6 46. Rf7+ Ke6 47. Rb1 d4 48. Bh6 Ne5 49. Rh7 Nd3 50. Kg3 Kf6 51. Rf7+ Ke6 52. Rbb7 e3 53. fxe3 dxe3 54. Bxe3 Rh8 55. h6 Ne5 56. Rbe7+ Kd6 57. Bf4 1-0

[Event "Kimry-ch"]
[Site "Kimry"]
[Date "2008.01.04"]
[Round "4"]
[White "Zarodov, Alexandr"]
[Black "Rogov, Alexander"]
[Result "1-0"]
[WhiteElo "1935"]
[BlackElo "1875"]
[PlyCount "69"]
[EventDate "2008.01.02"]
[EventType "swiss"]
[EventRounds "9"]
[EventCountry "RUS"]
[SourceTitle "CBM 122 Extra"]
[Source "ChessBase"]
[SourceDate "2008.03.04"]
[SourceVersion "1"]
[SourceVersionDate "2008.03.04"]
[SourceQuality "1"]

1. d4 Nf6 2. c4 d5 3. e3 dxc4 4. Bxc4 e6 5. Nc3 c6 6. a4 Bb4 7. Nge2 Nd5 8. 0-0 0-0 9. e4 Nf6 10. Qc2 Be7 11. Bd3 g6 12. Bh6 Re8 13. f3 Nh5 14. g4 Ng7 15. b3 Bg5 16. Bxg7 Kxg7 17. f4 Bh4 18. h3 h6 19. e5 Rg8 20. Rf3 Na6 21. Qd2 Nb4 22. Raf1 Nd5 23. Nxd5 exd5 24. Bc2 f5 25. exf6+ Qxf6 26. f5 Bg5 27. Qd1 Qd6 28. fxg6 Bf5 29. gxf5 Rgf8 30. Ng3 Bf6 31. Nh5+ Kh8 32. Qd2 Bg7 33. f6 Rxf6 34. Rxf6 Qd8 35. Nxg7 1-0

[Event "Kimry-ch"]
[Site "Kimry"]
[Date "2008.01.03"]
[Round "3"]
[White "Rogov, Alexander"]
[Black "Volkov, Sergey"]
[Result "0-1"]
[WhiteElo "1875"]
[BlackElo "2623"]
[PlyCount "118"]
[EventDate "2008.01.02"]
[EventType "swiss"]
[EventRounds "9"]
[EventCountry "RUS"]
[SourceTitle "CBM 122 Extra"]
[Source "ChessBase"]
[SourceDate "2008.03.04"]
[SourceVersion "1"]
[SourceVersionDate "2008.03.04"]
[SourceQuality "1"]

1. e4 c5 2. Nf3 d6 3. Bc4 Nf6 4. Nc3 Nc6 5. Ng5 e6 6. d3 d5 7. exd5 exd5 8. Bb5 h6 9. Bxc6+ bxc6 10. Nf3 Bd6 11. Qe2+ Be6 12. g3 0-0 13. 0-0 Bg4 14. Qd1 Qd7 15. Bf4 Bxf4 16. gxf4 Qf5 17. Nh4 Qxf4 18. Ng2 Qg5 19. f3 Bh3 20. Qe2 Rfe8 21. Qf2 Rab8 22. f4 Qxg2+ 23. Qxg2 Bxg2 24. Kxg2 Rxb2 25. Rac1 Ng4 26. Kg3 h5 27. h3 Ne3 28. Rf2 Nf5+ 29. Kg2 Re6 30. Na4 Rxa2 31. Nxc5 Rg6+ 32. Kh2 a5 33. Rcf1 Ne3 34. Rc1 a4 35. f5 Rf6 36. Re2 d4 37. Ne4 Rxf5 38. Ng3 Rc5 39. c4 Rxe2+ 40. Nxe2 Nf5 41. Ra1 Ra5 42. Nc1 g5 43. Na2 c5 44. Nc1 Kg7 45. Nb3 Ra7 46. Nxc5 a3 47. Ra2 g4 48. Ne4 Ne3 49. hxg4 hxg4 50. Kg3 Kg6 51. Kf4 f5 52. Nd6 Nd1 53. Nb5 Ra8 54. Nxd4 Nc3 55. Rc2 a2 56. Nb3 Ra3 57. Na1 Kf6 58. Rb2 Na4 59. Ke3 Nxb2 0-1

[Event "Moscow-ch Region"]
[Site "Serpukhov"]
[Date "2002.??.??"]
[Round "9"]
[White "Rogov, Alexander"]
[Black "Borzov, Vladimir"]
[Result "0-1"]
[WhiteElo "2114"]
[BlackElo "2163"]
[PlyCount "37"]
[EventDate "2002.??.??"]
[EventType "swiss"]
[EventRounds "9"]
[EventCountry "RUS"]
[SourceTitle "EXT 2003"]
[Source "ChessBase"]
[SourceDate "2002.11.25"]
[SourceVersion "1"]
[SourceVersionDate "2002.11.25"]
[SourceQuality "1"]

1. e4 c6 2. Nc3 d5 3. exd5 cxd5 4. d4 a6 5. Qf3 Nf6 6. Bd3 Nc6 7. Nge2 Bg4 8. Qf4 e6 9. f3 Bh5 10. a3 Bg6 11. Bxg6 hxg6 12. Qe3 Qc7 13. g3 Bd6 14. Kf2 0-0-0 15. Kg2 e5 16. b4 exd4 17. Nxd4 Nxd4 18. Qxd4 Qc4 19. Bb2 0-1

[Event "Moscow-ch Region"]
[Site "Serpukhov"]
[Date "2002.??.??"]
[Round "1"]
[White "Rogov, Alexander"]
[Black "Prokhorov, Sergey An"]
[Result "0-1"]
[WhiteElo "2114"]
[BlackElo "2310"]
[PlyCount "80"]
[EventDate "2002.??.??"]
[EventType "swiss"]
[EventRounds "9"]
[EventCountry "RUS"]
[SourceTitle "EXT 2003"]
[Source "ChessBase"]
[SourceDate "2002.11.25"]
[SourceVersion "1"]
[SourceVersionDate "2002.11.25"]
[SourceQuality "1"]

1. Nc3 d5 2. e3 Nf6 3. d4 Bf5 4. Bd3 Bxd3 5. cxd3 e6 6. Qb3 b6 7. Bd2 c5 8. dxc5 Bxc5 9. d4 Be7 10. Nf3 Nc6 11. Rc1 0-0 12. Ne2 Rc8 13. 0-0 Ne4 14. Qd3 Bd6 15. Be1 f5 16. Nf4 Rf6 17. g3 g5 18. Ng2 g4 19. Nfh4 Rh6 20. f4 gxf3 21. Rxf3 Nxd4 22. Rxc8 Nxf3+ 23. Nxf3 Qxc8 24. Bc3 Nxc3 25. Qxc3 Qxc3 26. bxc3 Rf6 27. Nd4 Bc5 28. Kf2 e5 29. Nb3 Kf7 30. Ke2 Rc6 31. Nh4 Kf6 32. Nf3 Ba3 33. Kd2 Bb2 34. h3 Bxc3+ 35. Ke2 a5 36. h4 a4 37. Nbd2 e4 38. Ne1 Be5 39. Nf1 Rc1 40. Kd2 Ra1 0-1

[Event "Moscow-ch Region"]
[Site "Serpukhov"]
[Date "2002.??.??"]
[Round "8"]
[White "Yukhtanov, Vladimir"]
[Black "Rogov, Alexander"]
[Result "1-0"]
[WhiteElo "2239"]
[BlackElo "2114"]
[PlyCount "105"]
[EventDate "2002.??.??"]
[EventType "swiss"]
[EventRounds "9"]
[EventCountry "RUS"]
[SourceTitle "EXT 2003"]
[Source "ChessBase"]
[SourceDate "2002.11.25"]
[SourceVersion "1"]
[SourceVersionDate "2002.11.25"]
[SourceQuality "1"]

1. Nf3 Nf6 2. c4 c5 3. Nc3 d6 4. d4 cxd4 5. Nxd4 a6 6. e4 Nc6 7. Be2 Qa5 8. f3 Bd7 9. Be3 Nxd4 10. Qxd4 e6 11. Qb6 Qxb6 12. Bxb6 Rc8 13. Kf2 Rc6 14. Be3 Be7 15. Rhd1 0-0 16. Rd2 Bc8 17. Rad1 Rd8 18. Bf4 Nh5 19. Be3 g6 20. g4 Ng7 21. Bf4 f6 22. Bd3 Kf7 23. h3 e5 24. Be3 h5 25. Nd5 hxg4 26. hxg4 Rh8 27. Kg2 Ne6 28. Bf1 Rh7 29. Nb4 Rc7 30. Bb6 Nf4+ 31. Kg1 Rd7 32. Nd5 g5 33. Nxf4 gxf4 34. c5 Kg6 35. cxd6 Bd8 36. Bc5 b6 37. Bb4 Rh6 38. Rh2 Rdh7 39. Rxh6+ Kxh6 40. Bc4 Kg5 41. Bd5 a5 42. Be1 Ba6 43. Kg2 b5 44. Bf2 b4 45. Be6 a4 46. Bf5 Rh8 47. Bc5 a3 48. b3 Be2 49. Re1 Bxf3+ 50. Kxf3 Ba5 51. Kg2 f3+ 52. Kg3 f2 53. Be3# 1-0